Psychologie de la surdité (Record no. 2855)

MARC details
000 -LEADER
fixed length control field 03269nam a2200265 4500
008 - FIXED-LENGTH DATA ELEMENTS--GENERAL INFORMATION
fixed length control field s2006 be fre u
020 ## - INTERNATIONAL STANDARD BOOK NUMBER
International Standard Book Number 9782804152239
040 ## - CATALOGING SOURCE
Original cataloging agency LB-BrCRDP
082 1# - DEWEY DECIMAL CLASSIFICATION NUMBER
Classification number 616.89
Item number VIR
100 1# - MAIN ENTRY--PERSONAL NAME
Personal name Virole, Benoît
245 10 - TITLE STATEMENT
Title Psychologie de la surdité
Statement of responsibility, etc. Benoît Virole
260 ## - PUBLICATION, DISTRIBUTION, ETC.
Place of publication, distribution, etc. Bruxelles
Name of publisher, distributor, etc. De Boeck
Date of publication, distribution, etc. 2006
300 ## - PHYSICAL DESCRIPTION
Extent 524 p.
Dimensions 24 cm
490 0# - SERIES STATEMENT
Series statement Questions de personne
500 ## - GENERAL NOTE
General note Table des matières, annexes, index.
520 ## - SUMMARY, ETC.
Summary, etc. La surdité offre à la psychologie un champ d'investigation à la mesure de ses ambitions.Le but de cet ouvrage est d'en présenter au lecteur les différents aspects. II débute par trois chapitres consacrés à l'histoire des idées sur la surdité pour éclairer les fondements historiques des discours et des pratiques contemporaines. La deuxième partie de ce livre est consacrée à la présentation de la surdité sur le plan psychoacoustique. La psychologie de la connaissance est traitée dans la troisième partie au travers d'une présentation de la langue des signes sur le plan psycholinguistique et d'une présentation des fondements cognitifs de la pensée visuelle.Pour comprendre les processus d'acquisition de connaissances existant chez les sourds, le psychologue se doit d'utiliser une approche culturaliste basée sur la familiarisation avec une culture et une langue différentes. C'est l'objet de la quatrième partie de cet ouvrage. La psychopathologie de le surdité, qui fait l'objet de la cinquième partie, ne peut également être abordée qu'au travers d'une approche relativiste.Les apports de la psychanalyse sont ici essentiels dans la mesure où ils permettent de mieux comprendre la profondeur de l'expérience d'altérité subjective vécue par la personne sourde. Il n'y a pas de pratique clinique sur la surdité qui ne puisse aujourd'hui se passer de la concertation entre médecins, audioprothésistes, professionnels sourds, orthophonistes, professeurs, éducateurs... La participation des coauteurs de ce livre reflète cet aspect pluridisciplinaire.Enfin, il ne peut exister de psychologie de la surdité sans un apport pratique, tant pour les professionnels de la surdité à la recherche d'éléments d'information, que pour tous ceux qui s'intéressent au développement psychologique de l'enfant sourd ainsi qu'aux répercussions de la surdité sur la vie familiale. Cette nouvelle édition intègre les connaissances nouvelles en neurobiologie et en sciences cognitives.Elle présente également les résultats récents des études psychologiques sur les nouvelles biotechnologies (implants cochléaires) et les nouvelles explorations psychométriques et projectives. Un chapitre sur la résilience a également été ajouté. Cette 3e édition constitue un ouvrage de référence bâti sur les fondamentaux et ouvrant aux nouvelles perspectives théoriques.Cet ouvrage est destiné aux professionnels et spécialistes de la surdité, de même qu'aux médecins et aux étudiants en psychologie.
650 4# - SUBJECT ADDED ENTRY--TOPICAL TERM
Topical term or geographic name entry element Psychanalyse
650 4# - SUBJECT ADDED ENTRY--TOPICAL TERM
Topical term or geographic name entry element Psychologie
650 4# - SUBJECT ADDED ENTRY--TOPICAL TERM
Topical term or geographic name entry element Surdité
650 4# - SUBJECT ADDED ENTRY--TOPICAL TERM
Topical term or geographic name entry element Psychosociologie
650 4# - SUBJECT ADDED ENTRY--TOPICAL TERM
Topical term or geographic name entry element Psychopathologie
650 4# - SUBJECT ADDED ENTRY--TOPICAL TERM
Topical term or geographic name entry element Psychopédagogie
942 ## - ADDED ENTRY ELEMENTS (KOHA)
Koha item type Books
Holdings
Withdrawn status Lost status Source of classification or shelving scheme Damaged status Not for loan Home library Current library Shelving location Date acquired Source of acquisition Cost, normal purchase price Total Checkouts Full call number Barcode Date last seen Copy number Price effective from Koha item type
    Dewey Decimal Classification     مكتبة دار المعلمين و المعلمات - بئر حسن مكتبة دار المعلمين و المعلمات - بئر حسن Salle de Lecture 10/15/2008 Ambassade de France 0.00   152 Vir CRB2309 07/27/2016 1 07/27/2016 Books
    Dewey Decimal Classification     مكتبة دار المعلمين و المعلمات - جونية مكتبة دار المعلمين و المعلمات - جونية Salle de Lecture 05/08/2010 Ambassade de France 0.00   155.9 VIR. CRJ4201 07/27/2016 1 07/27/2016 Books
    Dewey Decimal Classification     مكتبة دار المعلمين و المعلمات - جونية مكتبة دار المعلمين و المعلمات - جونية Salle de Lecture 01/22/2014 Ambassade de France 0.00   155.9 VIR. CRJ5875 07/27/2016 2 07/27/2016 Books
    Dewey Decimal Classification     مكتبة دار المعلمين و المعلمات - زحلة مكتبة دار المعلمين و المعلمات - زحلة Salle de Lecture 05/23/2008 Amb. de France 50.50   616.89 VIR CRZ3028 07/27/2016 1 07/27/2016 Books
    Dewey Decimal Classification     مكتبة دار المعلمين و المعلمات - صيدا مكتبة دار المعلمين و المعلمات - صيدا Salle de Lecture 10/10/2008 Ambassade de France 47.98   371.95 VIR CRS2713 07/28/2016 1 07/28/2016 Books
    Dewey Decimal Classification     مكتبة دار المعلمين و المعلمات - طرابلس مكتبة دار المعلمين و المعلمات - طرابلس Salle de Lecture 02/22/2008 Ambassade de France 0.00   371.912 VIR CRT2202 07/27/2016 1 07/27/2016 Books